2 RZECZPOSPOLITA - Statystyki

Ogólne statystyki
  • Ten quiz został rozwiązany 22 razy
  • Średni wynik to 9 z 15
Statystyki odpowiedzi
Zagadnienie Odpowiedź % Poprawnych
Jak potocznie nazywana jest słynna Bitwa Warszawska Cud nad Wisłą
95%
Kim był zabójca Gabriela Narutowicza Eligiusz Niewiadomski
90%
Czego dokonał Józef Piłsudski w maju 1926 r. Zamachu stanu
90%
w Jakim celu Rydz-Śmigły nakazał ewakuacje Rządu i w określonych przypadkach odradzał walk z Sowietami 17 września By kontynuowac walke na uchodztwie, uratowac to co zostało z Wojska Polskiego w obliczu nieuchronnej porażki i czekać na ofensywe aliantów
81%
Kiedy zmarł Józef Piłsudski 1935
76%
Ile czasu trwała kadencja Prezydenta Narutowicza 5 dni
76%
Co zarzuca sie Generałowi Stefanowi Dąbowi-Biernackiemu. dwukrotną ucieczke z powierzonego stanowiska, brak wyzszego wyksztalcenia na stopien Generała, Egoizm i Kruchą stabilność psychiczną
71%
Który z nich nigdy nie pełnił funkcji Prezydenta w II Rzeczypospolitej Ignacy Daszyński
71%
Jaki był powód powstania Berezy Kartuskiej z powodu zamachu na Ministra Pierackiego
52%
Jaki był czołujący środek transportu i komunikacji w 2RP Pociągi
48%
Która konstytucja obowiązywała w Polsce tuż przed wybuchem II Wojny Światowej Konstytucja Kwietniowa
33%
Jaki zestaw poprawnie przedstawia Wszystkich dowódców Armii z września 1939 Piskor, Biernacki, Krukowicz, Rómmel, Fabrycy, Szylling, Kutrzeba, Bortnowski,
24%
Ilu Marszałków miała 2RP Trzech
19%
Kiedy 2RP naprawde odzyskała niepodległość 7 Października
14%
Jakiej roli nigdy nie pełnił Edward Rydz-Śmigły Szef Sztabu Generalnego
10%
Nie znaleziono quizów pasujących do podanych kryteriów
Rozkład punktacji
Procent ludzi z każdym wynikiem
Percentyl według liczby udzielonych odpowiedzi
Twoja historia wyników
Nie rozwiązałeś tego quizu